000 00858cam a2200277 a 4500
001 3332464
003 OSt
005 20240717131543.0
008 850711s1986 nyua b 001 0 eng
010 _a 85014536
020 _a0394332067 :
_c$25.00
040 _aMUST LIB
_cMUST
_dMUST
043 _an-us---
050 0 0 _aJK2408
_b.B56 1986
082 0 0 _a320
_219
_bBIN
100 1 _aBingham, Richard D.
_918848
245 1 0 _aState and local government in an urban society /
_cRichard D. Bingham.
250 _a1st ed.
260 _aNew York :
_bRandom House,
_cc1986.
300 _ax, 502 p. :
_bill. ;
_c25 cm.
504 _aIncludes bibliographies and index.
650 0 _aState governments
_zUnited States.
_918849
650 0 _aLocal government
_zUnited States.
_918850
906 _a7
_bcbc
_corignew
_d1
_eocip
_f19
_gy-gencatlg
942 _2ddc
_cO_SHELF
999 _c9236
_d9236